[Event "Torneo Reyes Ciudad de Manises 2014"]
[Site "Manises ESP"]
[Date "2014.01.02"]
[Round "1.1"]
[White "Birnoveanu, Petru"]
[Black "Gimeno Higueras, Roberto"]
[Result "0-1"]
[WhiteElo "1753"]
[BlackElo "2198"]
[PlyCount "68"]
[EventDate "2014.01.02"]
[EventRounds "7"]
[EventCountry "ESP"]
[Source "lmi"]
[SourceDate "2014.01.02"]

1. Nf3 Nf6 2. d4 e6 3. c4 d5 4. cxd5 exd5 5. Bg5 Be7 6. Bxf6 Bxf6 7. Nc3 O-O 8.
e3 c6 9. Be2 Re8 10. Qd2 Bf5 11. Bd3 Bg4 12. Ne2 g6 13. h3 Bxf3 14. gxf3 c5 15.
dxc5 Nc6 16. Rc1 d4 17. Bb5 dxe3 18. Qxd8 Raxd8 19. Bxc6 exf2+ 20. Kxf2 Bh4+
21. Kf1 bxc6 22. Rh2 Rd2 23. Rb1 Re3 24. f4 a5 25. a3 a4 26. Rg2 Rxh3 27. Ng1
Rh2 28. Rxd2 Rxd2 29. Ne2 Bf6 30. b3 axb3 31. Rxb3 Rc2 32. Ng3 Rxc5 33. Ne4
Rc1+ 34. Ke2 Bd4 0-1

[Event "Torneo Reyes Ciudad de Manises 2014"]
[Site "Manises ESP"]
[Date "2014.01.02"]
[Round "1.3"]
[White "Vila Tormo, Eduardo"]
[Black "Ballester Sanz, Joaquin"]
[Result "0-1"]
[WhiteElo "1718"]
[BlackElo "2170"]
[PlyCount "92"]
[EventDate "2014.01.02"]
[EventRounds "7"]
[EventCountry "ESP"]
[Source "lmi"]
[SourceDate "2014.01.02"]

1. d4 d5 2. Nf3 Nf6 3. Bf4 c5 4. dxc5 Qa5+ 5. Nc3 Qxc5 6. Be5 Nbd7 7. Bd4 Qa5
8. e3 e6 9. a3 a6 10. b4 Qc7 11. Bxf6 Nxf6 12. Qd2 Bd7 13. Bd3 Rc8 14. Na2 e5
15. Be2 Bd6 16. Rc1 Bb5 17. Bxb5+ axb5 18. c3 Ra8 19. Qb2 Qc4 20. Nd2 Qd3 21.
Nb3 b6 22. Rd1 Qc4 23. Nd2 Qc7 24. Nb1 O-O 25. Qe2 Qc4 26. Qxc4 bxc4 27. Nc1
Rfd8 28. Ne2 Kf8 29. O-O Ke7 30. f4 Kf8 31. fxe5 Bxe5 32. Rf5 Re8 33. h3 g6 34.
Rf3 Kg7 35. g4 h6 36. Kf2 Red8 37. Nd4 Rd7 38. Rg1 Re8 39. g5 Ne4+ 40. Ke2 hxg5
41. b5 Bxd4 42. cxd4 Ra7 43. Rg2 Ra5 44. Kd1 Rxb5 45. Kc2 Rb3 46. a4 Ra8 0-1

[Event "Torneo Reyes Ciudad de Manises 2014"]
[Site "Manises ESP"]
[Date "2014.01.02"]
[Round "1.4"]
[White "Pavia Miralles, Jose Manuel"]
[Black "Barrachina Blanco, Francisco"]
[Result "1-0"]
[WhiteElo "2163"]
[BlackElo "1679"]
[PlyCount "91"]
[EventDate "2014.01.02"]
[EventRounds "7"]
[EventCountry "ESP"]
[Source "lmi"]
[SourceDate "2014.01.02"]

1. d4 Nf6 2. c4 g6 3. Nc3 Bg7 4. e4 d6 5. f3 Nbd7 6. Bg5 O-O 7. Bd3 c5 8. d5
Ne5 9. Nge2 a6 10. O-O h6 11. Be3 Nxd3 12. Qxd3 Bd7 13. Rab1 a5 14. Nf4 b6 15.
Kh1 Kh7 16. Rbd1 Be8 17. g4 Nd7 18. Qe2 Ne5 19. Ng2 Bd7 20. h3 g5 21. f4 gxf4
22. Nxf4 Ng6 23. Nh5 f6 24. Qd2 Rh8 25. Ne2 a4 26. Neg3 Ne5 27. Qe2 Rg8 28. Nf5
Bf8 29. Bf4 Ng6 30. Bc1 Qe8 31. Qd2 Bxf5 32. gxf5 Ne5 33. Qe2 Nxc4 34. Rg1
Rxg1+ 35. Rxg1 Ne5 36. Bf4 Nd3 37. Be3 Qf7 38. Qg2 Nxb2 39. Qg6+ Qxg6 40. fxg6+
Kg8 41. g7 Bxg7 42. Rxg7+ Kf8 43. Bxh6 Ra6 44. Nf4 Ke8 45. Ne6 Kd7 46. Rg8 1-0

[Event "Torneo Reyes Ciudad de Manises 2014"]
[Site "Manises ESP"]
[Date "2014.01.02"]
[Round "1.5"]
[White "Lopez Palomar, Jose"]
[Black "Rodriguez Valencoso, Juan Carl"]
[Result "0-1"]
[WhiteElo "1635"]
[BlackElo "2159"]
[PlyCount "64"]
[EventDate "2014.01.02"]
[EventRounds "7"]
[EventCountry "ESP"]
[Source "lmi"]
[SourceDate "2014.01.02"]

1. d4 Nf6 2. c4 c5 3. d5 e5 4. Nc3 d6 5. e4 Be7 6. Be2 O-O 7. Nf3 Nbd7 8. O-O
Ne8 9. a3 g6 10. b4 f5 11. Bh6 Ng7 12. Nd2 Bg5 13. Bxg5 Qxg5 14. Nb5 Qe7 15.
Qc2 a6 16. Nc3 b6 17. b5 a5 18. Bd3 Nf6 19. Rae1 f4 20. f3 g5 21. Kf2 g4 22.
Ke2 Nfh5 23. Kd1 Rf6 24. fxg4 Bxg4+ 25. Be2 Rg6 26. Bxg4 Rxg4 27. Nf3 Ne8 28.
Rg1 Nef6 29. Qf2 Rf8 30. h3 Rg3 31. Qc2 Ne8 32. Ne2 Rg7 0-1

[Event "Torneo Reyes Ciudad de Manises 2014"]
[Site "Manises ESP"]
[Date "2014.01.02"]
[Round "1.6"]
[White "Pena Riasco, Alexander"]
[Black "Hernandez Torralba, Jose Joaqu"]
[Result "1-0"]
[WhiteElo "2154"]
[BlackElo "1634"]
[PlyCount "63"]
[EventDate "2014.01.02"]
[EventRounds "7"]
[EventCountry "ESP"]
[Source "lmi"]
[SourceDate "2014.01.02"]

1. e4 c5 2. Nf3 Nc6 3. d4 cxd4 4. Nxd4 Nf6 5. Nc3 g6 6. Nxc6 bxc6 7. e5 Ng8 8.
Be3 Bg7 9. f4 Nh6 10. Qd2 O-O 11. O-O-O Qa5 12. Bc4 Rb8 13. h3 Qb4 14. Bb3 Nf5
15. Bf2 e6 16. g4 Ne7 17. Bxa7 Rb7 18. Qd4 Qxd4 19. Bxd4 Nd5 20. Bxd5 cxd5 21.
g5 Rb8 22. h4 Ba6 23. h5 Rfc8 24. Rd2 Rc4 25. Nd1 Rbc8 26. Ne3 R4c6 27. Ng4 d6
28. Nf6+ Bxf6 29. gxf6 dxe5 30. Bxe5 Bb7 31. hxg6 fxg6 32. f7+ 1-0

[Event "Torneo Reyes Ciudad de Manises 2014"]
[Site "Manises ESP"]
[Date "2014.01.02"]
[Round "1.7"]
[White "Aimimir Gimenez, Jose"]
[Black "Salvador Lopez, Daniel"]
[Result "0-1"]
[WhiteElo "1618"]
[BlackElo "2125"]
[PlyCount "110"]
[EventDate "2014.01.02"]
[EventRounds "7"]
[EventCountry "ESP"]
[Source "lmi"]
[SourceDate "2014.01.02"]

1. d4 c6 2. c4 d5 3. Nc3 Nf6 4. cxd5 cxd5 5. Bf4 Nc6 6. e3 Qb6 7. a3 Bg4 8. Qd2
Bf5 9. Bd3 Bxd3 10. Qxd3 Qxb2 11. Rb1 Qxa3 12. Rxb7 Ne4 13. Nge2 Nxc3 14. Qxc3
Qxc3+ 15. Nxc3 e6 16. Nb5 Bb4+ 17. Ke2 O-O 18. Bd6 Bxd6 19. Nxd6 Rad8 20. Nb5
Rb8 21. Rxb8 Rxb8 22. Rc1 Rxb5 23. Rxc6 g5 24. g4 a5 25. Ra6 Rb2+ 26. Kf3 Ra2
27. Kg2 Kg7 28. h3 a4 29. Kf1 a3 30. Kg2 Kf6 31. Kg3 Ke7 32. Kg2 Ra1 33. Kh2
Kd7 34. Kg2 Kc7 35. Kf3 Kb7 36. Ra4 Kb6 37. Ke2 Kb5 38. Ra7 Kc4 39. Rc7+ Kb3
40. Rb7+ Ka2 41. Rxf7 Rb1 42. f4 gxf4 43. exf4 Rb3 44. Rxh7 Kb2 45. g5 a2 46.
Ra7 Ra3 47. Rb7+ Kc3 48. Rc7+ Kxd4 49. Rc1 a1=Q 50. Rxa1 Rxa1 51. Kf3 e5 52.
fxe5 Kxe5 53. h4 Kf5 54. Kg2 Re1 55. Kf3 d4 0-1

[Event "Torneo Reyes Ciudad de Manises 2014"]
[Site "Manises ESP"]
[Date "2014.01.02"]
[Round "1.8"]
[White "Uran Bermudez, Oliver Kevin"]
[Black "Costa Grau, Adrian"]
[Result "1-0"]
[WhiteElo "2103"]
[BlackElo "1569"]
[PlyCount "67"]
[EventDate "2014.01.02"]
[EventRounds "7"]
[EventCountry "ESP"]
[Source "lmi"]
[SourceDate "2014.01.02"]

1. e4 e5 2. Nf3 Nc6 3. Bb5 a6 4. Ba4 Nf6 5. O-O b5 6. Bb3 Be7 7. Re1 O-O 8. d4
d6 9. c3 Bg4 10. Be3 Na5 11. Nbd2 Nxb3 12. axb3 Re8 13. dxe5 dxe5 14. h3 Bxf3
15. Qxf3 c6 16. b4 Nd7 17. Nb3 f6 18. Red1 Qc7 19. Qg4 Nf8 20. Na5 Bd6 21. Rd2
Ne6 22. Rad1 Rad8 23. Nb3 Bf8 24. Rxd8 Nxd8 25. Rd7 Qb8 26. Ba7 Qa8 27. Bc5 Nf7
28. Bxf8 Kxf8 29. Nc5 g6 30. Ne6+ Rxe6 31. Qxe6 Qe8 32. Qxc6 Kg7 33. b3 h6 34.
c4 1-0

[Event "Torneo Reyes Ciudad de Manises 2014"]
[Site "Manises ESP"]
[Date "2014.01.02"]
[Round "1.9"]
[White "Nieves Pamplona, Juan Miguel"]
[Black "Capella Gimenez, Jose M"]
[Result "0-1"]
[WhiteElo "1536"]
[BlackElo "2099"]
[PlyCount "106"]
[EventDate "2014.01.02"]
[EventRounds "7"]
[EventCountry "ESP"]
[Source "lmi"]
[SourceDate "2014.01.02"]

1. e4 c6 2. g3 d5 3. Bg2 dxe4 4. Bxe4 Nf6 5. Bg2 Bg4 6. Nf3 e6 7. O-O Be7 8. d3
O-O 9. Nbd2 Nbd7 10. h3 Bh5 11. Re1 Qc7 12. Nf1 Nd5 13. d4 Rad8 14. c3 Rfe8 15.
Qc2 Bg6 16. Qa4 b5 17. Qb3 Bf6 18. Bg5 a6 19. Bxf6 N5xf6 20. Ne5 Nxe5 21. Rxe5
Nd5 22. Rae1 Qd7 23. Nh2 f6 24. R5e2 Bd3 25. Rd2 Bc4 26. Qc2 Nb6 27. Ng4 Bd5
28. Ne3 Bxg2 29. Nxg2 e5 30. b3 exd4 31. Rxe8+ Rxe8 32. Kh2 c5 33. Nf4 Nd5 34.
Nxd5 Qxd5 35. cxd4 cxd4 36. Qd1 Rd8 37. Rd3 Qe4 38. Qd2 h6 39. f3 Qe5 40. Kg2
Re8 41. Kf2 Rd8 42. Qa5 Qd6 43. Qd2 Qc5 44. Kg2 Rd7 45. h4 g5 46. h5 Qe5 47.
Qc2 Rc7 48. Qd2 Re7 49. Kf2 Qc5 50. Kg2 Rd7 51. Qe2 Qe5 52. Qd2 f5 53. Qa5 Qe2+
0-1

[Event "Torneo Reyes Ciudad de Manises 2014"]
[Site "Manises ESP"]
[Date "2014.01.02"]
[Round "1.10"]
[White "Nieves Cabanes, Jose Manuel"]
[Black "Bono Monreal, Alberto"]
[Result "1-0"]
[WhiteElo "2070"]
[BlackElo "1493"]
[PlyCount "89"]
[EventDate "2014.01.02"]
[EventRounds "7"]
[EventCountry "ESP"]
[Source "lmi"]
[SourceDate "2014.01.02"]

1. d4 d5 2. c4 e6 3. Nc3 Nf6 4. Nf3 c5 5. e3 Nc6 6. a3 a5 7. Be2 Be7 8. O-O O-O
9. b3 h6 10. Bb2 Re8 11. h3 Bf8 12. Rc1 cxd4 13. exd4 Bd7 14. Qd2 Rc8 15. Rfd1
Qb6 16. Qc2 Ne7 17. c5 Qd8 18. b4 axb4 19. axb4 Ng6 20. b5 Nf4 21. Bf1 Ng6 22.
Na4 Ne4 23. Nb6 Rc7 24. Qb3 Ng5 25. Nxd7 Nxf3+ 26. Qxf3 Qxd7 27. Qb3 Rd8 28.
Bc3 Rcc8 29. Ba5 Re8 30. c6 bxc6 31. bxc6 Qd6 32. c7 Ra8 33. Bb6 Rec8 34. Ra1
Rxa1 35. Rxa1 Ne7 36. Rc1 Ra8 37. Qb5 Nc8 38. Ba5 Qa3 39. Bd2 Qa7 40. Qd3 Bd6
41. Qc3 Nb6 42. Qc6 Bf8 43. Rb1 Nc8 44. Rb7 Qa2 45. Rb8 1-0

[Event "Torneo Reyes Ciudad de Manises 2014"]
[Site "Manises ESP"]
[Date "2014.01.02"]
[Round "1.11"]
[White "Galvan Cipriani, Viviana"]
[Black "Nieves Cabanes, Javier"]
[Result "0-1"]
[WhiteElo "1456"]
[BlackElo "2068"]
[PlyCount "64"]
[EventDate "2014.01.02"]
[EventRounds "7"]
[EventCountry "ESP"]
[Source "lmi"]
[SourceDate "2014.01.02"]

1. c4 e5 2. Nc3 Nc6 3. g3 f5 4. d3 Bb4 5. Bg2 Nf6 6. e4 fxe4 7. dxe4 Bxc3+ 8.
bxc3 b6 9. Ne2 O-O 10. O-O Ba6 11. Ba3 d6 12. Qa4 Na5 13. Rfe1 c5 14. Rad1 Ng4
15. f3 Ne3 16. Rb1 Bxc4 17. Bc1 b5 18. Rxb5 Bxb5 19. Qxb5 Nxg2 20. Kxg2 Rb8 21.
Qd3 Kh8 22. Rd1 Rb6 23. Ba3 Qe8 24. c4 Qa4 25. Rc1 Rfb8 26. Rc2 Nc6 27. Rd2 Nd4
28. Nxd4 cxd4 29. Rd1 Ra6 30. Bc1 Qxa2+ 31. Bd2 Ra3 32. Qe2 Rb2 0-1

[Event "Torneo Reyes Ciudad de Manises 2014"]
[Site "Manises ESP"]
[Date "2014.01.02"]
[Round "1.12"]
[White "Gimenez Menchon, Cesar"]
[Black "Carbonell Sancho, Marc"]
[Result "1-0"]
[WhiteElo "2032"]
[BlackElo "1410"]
[PlyCount "83"]
[EventDate "2014.01.02"]
[EventRounds "7"]
[EventCountry "ESP"]
[Source "lmi"]
[SourceDate "2014.01.02"]

1. e4 c5 2. Nf3 d6 3. Bb5+ Bd7 4. Bxd7+ Nxd7 5. O-O g6 6. c3 Ngf6 7. Re1 Bg7 8.
d4 O-O 9. e5 dxe5 10. dxe5 Ng4 11. e6 Nde5 12. Ng5 Qxd1 13. Rxd1 f5 14. h3 Nf6
15. Bf4 Nc6 16. Na3 a6 17. Nc4 b5 18. Nb6 Ra7 19. Be3 h6 20. Nf7 Ne4 21. f3 f4
22. Bxf4 Nf6 23. Bxh6 Bxh6 24. Nxh6+ Kg7 25. Nf7 Rb7 26. Nd5 Ne8 27. Rd2 Nc7
28. Nxc7 Rxc7 29. Rad1 Nb8 30. Rd8 Rxd8 31. Rxd8 Nc6 32. Rd5 Na5 33. Rd7 Rxd7
34. exd7 Nc6 35. d8=Q Nxd8 36. Nxd8 Kf6 37. Kf2 e5 38. Ke3 Ke7 39. Nb7 c4 40.
Ke4 Ke6 41. Nc5+ Kd6 42. Nxa6 1-0

[Event "Torneo Reyes Ciudad de Manises 2014"]
[Site "Manises ESP"]
[Date "2014.01.02"]
[Round "1.13"]
[White "Soto Soriano, Eugenio"]
[Black "Molina Ballester, Sergio"]
[Result "0-1"]
[WhiteElo "1389"]
[BlackElo "2001"]
[PlyCount "74"]
[EventDate "2014.01.02"]
[EventRounds "7"]
[EventCountry "ESP"]
[Source "lmi"]
[SourceDate "2014.01.02"]

1. e4 c5 2. Nc3 g6 3. Bc4 Bg7 4. Nce2 Nc6 5. c3 Nf6 6. Nf3 Nxe4 7. d4 cxd4 8.
Nexd4 O-O 9. Be3 a6 10. O-O d5 11. Bd3 Nd6 12. b3 e5 13. Nxc6 bxc6 14. Bc2 Qc7
15. Qd2 Rd8 16. Bg5 f6 17. Bh6 Bxh6 18. Qxh6 e4 19. Nh4 Nf7 20. Qe3 g5 21. c4
gxh4 22. Rac1 Qe5 23. Qb6 Bd7 24. Rfe1 Ng5 25. cxd5 cxd5 26. Qe3 Ne6 27. Qh6
Qg5 28. Qxg5+ Nxg5 29. b4 h3 30. g3 Nf3+ 31. Kh1 Nxe1 32. Rxe1 Bg4 33. Bb3 Kg7
34. Kg1 Bf3 35. Rc1 Rac8 36. Re1 d4 37. Be6 d3 0-1

[Event "Torneo Reyes Ciudad de Manises 2014"]
[Site "Manises ESP"]
[Date "2014.01.02"]
[Round "1.15"]
[White "Penalba Navarro, Hector"]
[Black "Conejero Gimenez, Jose Melchor"]
[Result "0-1"]
[WhiteElo "1309"]
[BlackElo "1980"]
[PlyCount "34"]
[EventDate "2014.01.02"]
[EventRounds "7"]
[EventCountry "ESP"]
[Source "lmi"]
[SourceDate "2014.01.02"]

1. e4 g6 2. Bc4 d6 3. Nf3 Bg7 4. d4 Nf6 5. Ng5 O-O 6. h4 h6 7. Nf3 Nxe4 8. Qd3
Bf5 9. g4 Nxf2 10. Qb3 Nxh1 11. gxf5 gxf5 12. Bxh6 Bxh6 13. Ng5 Bxg5 14. hxg5
Kg7 15. Bxf7 Rxf7 16. Qh3 Qh8 17. Qc3 Qh4+ 0-1

[Event "Torneo Reyes Ciudad de Manises 2014"]
[Site "Manises ESP"]
[Date "2014.01.02"]
[Round "1.17"]
[White "Arce Martinez, Jose Miguel"]
[Black "Harutyunyan, Tigran"]
[Result "0-1"]
[WhiteElo "1790"]
[BlackElo "1915"]
[PlyCount "86"]
[EventDate "2014.01.02"]
[EventRounds "7"]
[EventCountry "ESP"]
[Source "lmi"]
[SourceDate "2014.01.02"]

1. e4 c5 2. Nf3 Nf6 3. Nc3 d5 4. e5 Ne4 5. d3 Nxc3 6. bxc3 g6 7. d4 Bg7 8. Bb5+
Bd7 9. Bxd7+ Qxd7 10. Be3 c4 11. Qd2 O-O 12. Bh6 Qf5 13. Bxg7 Qe4+ 14. Qe2
Qxe2+ 15. Kxe2 Kxg7 16. Rab1 b6 17. Rb5 Rd8 18. h4 h6 19. Nh2 Na6 20. g4 Nc7
21. Rbb1 f6 22. f4 fxe5 23. fxe5 Rf8 24. Rhf1 Ne6 25. Ke3 g5 26. hxg5 Nxg5 27.
Nf3 Ne4 28. Nh4 e6 29. Ng2 Nxc3 30. Rxf8 Rxf8 31. Ra1 Ne4 32. Nf4 Ng5 33. Nh5+
Kg6 34. Nf4+ Kg7 35. Nh5+ Kg6 36. Nf4+ Kh7 37. Rf1 Nh3 38. Rf3 Nxf4 39. Rxf4
Rxf4 40. Kxf4 Kg6 41. c3 b5 42. a3 a5 43. Kf3 Kg5 0-1

[Event "Torneo Reyes Ciudad de Manises 2014"]
[Site "Manises ESP"]
[Date "2014.01.02"]
[Round "2.1"]
[White "Gimeno Higueras, Roberto"]
[Black "Cebrian Flores, Juan Antonio"]
[Result "1-0"]
[WhiteElo "2198"]
[BlackElo "1992"]
[PlyCount "67"]
[EventDate "2014.01.02"]
[EventRounds "7"]
[EventCountry "ESP"]
[Source "lmi"]
[SourceDate "2014.01.02"]

1. e4 c5 2. c3 Nf6 3. e5 Nd5 4. d4 cxd4 5. Nf3 e6 6. Qxd4 Nc6 7. Qe4 f5 8. Qe2
h6 9. Nd4 g6 10. g3 Bg7 11. Bg2 O-O 12. Nxc6 bxc6 13. O-O g5 14. Rd1 Qe8 15. b3
f4 16. c4 Ne7 17. Ba3 Rf7 18. Nc3 Rf5 19. Bd6 Ng6 20. Be4 fxg3 21. hxg3 Qf7 22.
Bxf5 exf5 23. Rd3 Bb7 24. Rad1 Re8 25. Na4 Bxe5 26. Bxe5 Rxe5 27. Qh5 Qe6 28.
Rd6 Re1+ 29. Kh2 Qxd6 30. Rxd6 Ne5 31. Qe8+ Kg7 32. Rxd7+ Kf6 33. Rd6+ Kg7 34.
Qe7+ 1-0

[Event "Torneo Reyes Ciudad de Manises 2014"]
[Site "Manises ESP"]
[Date "2014.01.02"]
[Round "2.2"]
[White "Ballester Sanz, Joaquin"]
[Black "Conejero Gimenez, Jose Melchor"]
[Result "1-0"]
[WhiteElo "2170"]
[BlackElo "1980"]
[PlyCount "107"]
[EventDate "2014.01.02"]
[EventRounds "7"]
[EventCountry "ESP"]
[Source "lmi"]
[SourceDate "2014.01.02"]

1. e4 e5 2. Nf3 Nc6 3. Bb5 a6 4. Ba4 Nf6 5. d3 b5 6. Bb3 Be7 7. O-O O-O 8. Nc3
d6 9. a3 Bg4 10. Be3 Nd4 11. Bxd4 exd4 12. Nd5 c6 13. Nf4 g5 14. Ne2 Bxf3 15.
gxf3 c5 16. Ng3 Nd7 17. Kh1 Ne5 18. Bd5 Ra7 19. Rg1 Ng6 20. Nf5 Kh8 21. c3 dxc3
22. bxc3 Nf4 23. Bb3 Bf6 24. d4 c4 25. Bc2 Qd7 26. a4 Rfa8 27. Qd2 h6 28. Rgb1
Bg7 29. Qe1 f6 30. d5 h5 31. Rb4 Bf8 32. Rab1 Rb7 33. Qe3 Be7 34. Kg1 Rab8 35.
Kf1 Bf8 36. Qd4 Be7 37. Ke1 h4 38. Kd2 Bd8 39. axb5 axb5 40. Ra1 Rb6 41. Rb2
R6b7 42. Ke1 Ng2+ 43. Kf1 Nf4 44. Ke1 Ng2+ 45. Kd1 Nf4 46. Rba2 Rb6 47. Ra7
R6b7 48. Rxb7 Rxb7 49. Ra6 Be7 50. Ra8+ Kh7 51. e5 dxe5 52. Nxe7+ Kg7 53. Qe4
Nd3 54. Rg8+ 1-0

[Event "Torneo Reyes Ciudad de Manises 2014"]
[Site "Manises ESP"]
[Date "2014.01.02"]
[Round "2.3"]
[White "Harutyunyan, Tigran"]
[Black "Pavia Miralles, Jose Manuel"]
[Result "0-1"]
[WhiteElo "1915"]
[BlackElo "2163"]
[PlyCount "72"]
[EventDate "2014.01.02"]
[EventRounds "7"]
[EventCountry "ESP"]
[Source "lmi"]
[SourceDate "2014.01.02"]

1. d4 d5 2. c4 c6 3. Nf3 Nf6 4. Qc2 e6 5. Bg5 Nbd7 6. e3 Qa5+ 7. Nc3 Ne4 8. Rc1
Nxg5 9. Nxg5 dxc4 10. Nge4 b5 11. Be2 Be7 12. O-O O-O 13. f4 Nb6 14. Rf3 Nd5
15. Rh3 g6 16. Ng5 Bxg5 17. fxg5 e5 18. Rh6 Qd8 19. h4 Nxe3 20. Qe4 Qxd4 21.
Qxd4 exd4 22. Ne4 Kg7 23. Nf6 Rh8 24. g4 Be6 25. Bf3 Rad8 26. h5 d3 27. Re1 Nc2
28. Re5 Rd4 29. Bxc6 d2 30. Bf3 d1=Q+ 31. Bxd1 Rxd1+ 32. Kh2 Nd4 33. Kg2 Rd2+
34. Kf1 Rxb2 35. Re4 Nf3 36. Re3 Nxg5 0-1

[Event "Torneo Reyes Ciudad de Manises 2014"]
[Site "Manises ESP"]
[Date "2014.01.02"]
[Round "2.4"]
[White "Rodriguez Valencoso, Juan Carl"]
[Black "Cruz Fiallos, Hamilton Tarley"]
[Result "1-0"]
[WhiteElo "2159"]
[BlackElo "1844"]
[PlyCount "43"]
[EventDate "2014.01.02"]
[EventRounds "7"]
[EventCountry "ESP"]
[Source "lmi"]
[SourceDate "2014.01.02"]

1. e4 e6 2. d3 d5 3. Nd2 Nf6 4. Ngf3 c5 5. g3 Be7 6. Bg2 Nc6 7. O-O b5 8. Re1
a5 9. e5 Nd7 10. h4 g5 11. hxg5 Bxg5 12. c4 Bxd2 13. Bxd2 bxc4 14. dxc4 Nb6 15.
cxd5 exd5 16. Ng5 Nd4 17. Qh5 Qe7 18. Bxd5 Nxd5 19. e6 Nxe6 20. Rxe6 Qxe6 21.
Re1 Qxe1+ 22. Bxe1 1-0

[Event "Torneo Reyes Ciudad de Manises 2014"]
[Site "Manises ESP"]
[Date "2014.01.02"]
[Round "2.5"]
[White "Esteban Hernandez, Eusebio"]
[Black "Pena Riasco, Alexander"]
[Result "0-1"]
[WhiteElo "1847"]
[BlackElo "2154"]
[PlyCount "49"]
[EventDate "2014.01.02"]
[EventRounds "7"]
[EventCountry "ESP"]
[Source "lmi"]
[SourceDate "2014.01.02"]

1. Nf3 d5 2. d4 Nf6 3. c4 c6 4. Nc3 dxc4 5. a4 Bf5 6. e3 e6 7. Bxc4 Bb4 8. O-O
O-O 9. Qb3 a5 10. Nh4 Bg4 11. f3 Bh5 12. g4 Nd5 13. Ng2 Bg6 14. e4 Nb6 15. Ne2
c5 16. Be3 N8d7 17. Rad1 Qf6 18. Kf2 Bxe4 19. Bf4 Bd5 20. Ne3 Nxc4 21. Nxc4 Nb6
22. Be5 Bxc4 23. Qxc4 Qxe5 24. dxe5 Nxc4 25. f4 0-1

[Event "Torneo Reyes Ciudad de Manises 2014"]
[Site "Manises ESP"]
[Date "2014.01.02"]
[Round "2.6"]
[White "Salvador Lopez, Daniel"]
[Black "Grau Navarro, Salvador"]
[Result "1-0"]
[WhiteElo "2125"]
[BlackElo "1799"]
[PlyCount "35"]
[EventDate "2014.01.02"]
[EventRounds "7"]
[EventCountry "ESP"]
[Source "lmi"]
[SourceDate "2014.01.02"]

1. d4 Nf6 2. Nf3 d5 3. c4 c6 4. Nc3 Bf5 5. cxd5 cxd5 6. Qb3 Qb6 7. Nxd5 Nxd5 8.
Qxd5 e6 9. Qc4 Nc6 10. a3 e5 11. Ng5 O-O-O 12. e3 Kb8 13. Qb5 Qc7 14. d5 a6 15.
Qc4 Qa5+ 16. Bd2 Nb4 17. Bxb4 Bxb4+ 18. Qxb4 1-0

[Event "Torneo Reyes Ciudad de Manises 2014"]
[Site "Manises ESP"]
[Date "2014.01.02"]
[Round "2.7"]
[White "Molina Ballester, Saul"]
[Black "Uran Bermudez, Oliver Kevin"]
[Result "0-1"]
[WhiteElo "1823"]
[BlackElo "2103"]
[PlyCount "120"]
[EventDate "2014.01.02"]
[EventRounds "7"]
[EventCountry "ESP"]
[Source "lmi"]
[SourceDate "2014.01.02"]

1. e4 c5 2. Nc3 e6 3. g3 d5 4. exd5 exd5 5. Bg2 Nf6 6. d4 cxd4 7. Qxd4 Nc6 8.
Qa4 Be7 9. Nge2 O-O 10. O-O Bg4 11. h3 Bxe2 12. Nxe2 Qb6 13. Be3 Bc5 14. Bxc5
Qxc5 15. c3 b5 16. Qc2 Rfe8 17. Rad1 Rad8 18. Nd4 Nxd4 19. Rxd4 Re5 20. Rfd1 g6
21. Qd2 Kg7 22. Kh2 Rde8 23. Bf3 R8e6 24. Kg2 Ne4 25. Bxe4 dxe4 26. Rd5 Qc6 27.
Qd4 e3 28. fxe3 f6 29. Kf2 Rxe3 30. Qxa7+ Re7 31. Qxe3 Rxe3 32. Kxe3 Qe6+ 33.
Kf3 Qxh3 34. Rxb5 h5 35. Rb7+ Kh6 36. Rdd7 Kg5 37. Rh7 Qf1+ 38. Ke3 Kg4 39. a4
Kxg3 40. a5 Qf4+ 41. Kd3 Qf5+ 42. Kd2 Qxa5 43. Ra7 Qd5+ 44. Kc2 Qe4+ 45. Kd2
Qf4+ 46. Kc2 Qf2+ 47. Kc1 h4 48. Rad7 g5 49. Rd3+ Kg4 50. Rd4+ Kf5 51. Rd2 Qe3
52. Kc2 h3 53. Rd3 Qe2+ 54. Rd2 Qe4+ 55. Kc1 g4 56. Rd4 Qg2 57. Rd2 g3 58. Kc2
Qxd2+ 59. Kxd2 g2 60. Rxh3 g1=Q 0-1

[Event "Torneo Reyes Ciudad de Manises 2014"]
[Site "Manises ESP"]
[Date "2014.01.02"]
[Round "2.8"]
[White "Capella Gimenez, Jose M"]
[Black "Bueno Dominguez, Ricardo"]
[Result "1-0"]
[WhiteElo "2099"]
[BlackElo "1740"]
[PlyCount "93"]
[EventDate "2014.01.02"]
[EventRounds "7"]
[EventCountry "ESP"]
[Source "lmi"]
[SourceDate "2014.01.02"]

1. d4 d5 2. c4 e6 3. Nc3 Nf6 4. cxd5 exd5 5. Bg5 Be7 6. e3 Bf5 7. Qb3 Be6 8.
Qxb7 Nbd7 9. Qb3 O-O 10. Nf3 c5 11. Be2 Rb8 12. Qc2 Qb6 13. b3 cxd4 14. Nxd4
Bb4 15. Bxf6 Nxf6 16. a3 Be7 17. O-O Rfc8 18. Qd3 Bf8 19. Rfc1 Rd8 20. Na4 Qd6
21. Nc6 g6 22. Nxd8 Rxd8 23. Nc5 Bf5 24. Qd4 Re8 25. Bf3 Bg7 26. Qf4 Qe7 27. g4
Be4 28. Nxe4 Nxe4 29. Bxe4 dxe4 30. Ra2 Be5 31. Qh6 Bg7 32. Qh3 Qe6 33. Rac2 h5
34. Rc6 Qd7 35. Rc7 Qe6 36. R1c6 Qxb3 37. gxh5 Qd1+ 38. Kg2 gxh5 39. Qf5 Rf8
40. Rc8 Qa1 41. Rxf8+ Bxf8 42. Qg5+ Bg7 43. Rc8+ Kh7 44. Qxh5+ Bh6 45. Qxf7+
Bg7 46. Qh5+ Bh6 47. Rc7+ 1-0

[Event "Torneo Reyes Ciudad de Manises 2014"]
[Site "Manises ESP"]
[Date "2014.01.02"]
[Round "2.9"]
[White "Aupi Royo, Juan Ignacio"]
[Black "Nieves Cabanes, Jose Manuel"]
[Result "0-1"]
[WhiteElo "1796"]
[BlackElo "2070"]
[PlyCount "80"]
[EventDate "2014.01.02"]
[EventRounds "7"]
[EventCountry "ESP"]
[Source "lmi"]
[SourceDate "2014.01.02"]

1. d4 Nf6 2. Nf3 e6 3. g3 b5 4. Bg2 Bb7 5. O-O d6 6. c3 Nbd7 7. a4 a6 8. Re1
Be7 9. Bg5 O-O 10. Nbd2 h6 11. Bxf6 Bxf6 12. e4 e5 13. Qb3 Bc6 14. a5 Rb8 15.
Bf1 Re8 16. Qc2 Bb7 17. b4 c5 18. dxc5 dxc5 19. Rad1 Qc7 20. Qb2 Rbd8 21. Rc1
Be7 22. Red1 Nb8 23. c4 cxb4 24. cxb5 Qxa5 25. Ra1 Qb6 26. bxa6 Bxa6 27. Bxa6
Nxa6 28. Nc4 Rxd1+ 29. Rxd1 Qb7 30. Qxe5 Qc8 31. Qb5 Nc7 32. Qa4 Ne6 33. Qa2
Rd8 34. Rc1 Qb7 35. Nfd2 Nd4 36. Rb1 Ne2+ 37. Kf1 Nc3 38. Qb3 Nxb1 39. Ne5 Qb5+
40. Qc4 Nxd2+ 0-1

[Event "Torneo Reyes Ciudad de Manises 2014"]
[Site "Manises ESP"]
[Date "2014.01.02"]
[Round "2.11"]
[White "Hernandez Torralba, Sergio"]
[Black "Gimenez Menchon, Cesar"]
[Result "0-1"]
[WhiteElo "1771"]
[BlackElo "2032"]
[PlyCount "84"]
[EventDate "2014.01.02"]
[EventRounds "7"]
[EventCountry "ESP"]
[Source "lmi"]
[SourceDate "2014.01.02"]

1. e4 c5 2. Nf3 e6 3. g3 Nc6 4. Bg2 Nf6 5. Nc3 d5 6. exd5 exd5 7. d4 Bg4 8.
dxc5 d4 9. Ne2 Bxc5 10. O-O O-O 11. h3 Bf5 12. Nf4 Nb4 13. Nd3 Nxd3 14. cxd3
Nd5 15. Qb3 Nb4 16. Rd1 Qd7 17. Ng5 h6 18. Ne4 Be7 19. Re1 Rac8 20. Re2 Be6 21.
Qd1 f5 22. Nd2 Nc2 23. Nf3 Nxa1 24. Bf4 Bf6 25. Qxa1 Bd5 26. a3 Rfe8 27. Qd1
Rxe2 28. Qxe2 Re8 29. Qc2 g5 30. Bc1 Qc6 31. Qxc6 Bxc6 32. Kf1 g4 33. hxg4 fxg4
34. Nd2 Bxg2+ 35. Kxg2 Bg5 36. Nb3 Bxc1 37. Nxc1 Rc8 38. Nb3 Rc2 39. Nxd4 Rxb2
40. Nf5 h5 41. Nd6 b6 42. Kf1 Rd2 0-1